Quizzes
Events
Quiz Creation
Community
Videos
Private Events
Remove Ads
Sign In
Join for FREE
Feedback
Dark Mode
Quiz Categories
Sports
Geography
Music
Movies
Television
Just For Fun
Miscellaneous
History
Literature
Language
Science
Gaming
Entertainment
Religion
Holiday
For Kids
Quiz Lab
Recent
Popular Today
Quiz Kudos Today
Editor Picks
Curator Picks
Quizzes by...
Day
Popularity
Type
Ratings
Length
Year
Community
Subscriptions
Recent Discussions
Orange Saloon
Badges
Playlists
Quests
Create
Leaderboards
Showdown
Live 5
Trivia Bingo
Activity
Puzzle Library
Sporcle Events
Private Events
Virtual Trivia
Globe League
Become a Host
Pub Owners
SporcleCon
Opinionation
Our Games
Videos
Blog
Mobile Apps
Partnerships
Remove Ads and Go Orange
Feedback
Sports
Athletes
MLB
NBA
NHL
NFL
Soccer
Sports Teams
WWE
NCAA
Football
Premier League
Basketball
Baseball
Hockey
Golf
Tennis
Cricket
Rugby
Auto Racing
Olympics
World Cup
Sports
Athletes
MLB
NBA
NHL
NFL
Soccer
Sports Teams
WWE
NCAA
Football
Premier League
Basketball
Baseball
Hockey
Golf
Tennis
Cricket
Rugby
Auto Racing
Olympics
World Cup
Random Quiz
Search Sporcle
×
Quiz Lab
Quiz Lab
Sports
NFL
Select answers by clicking on text or image buttons
Select answers by clicking on text or image buttons
Clickable
Best Score? Go Orange.
NFL All-time Regular Season Records (matching) Stats
Match the NFL regular season records to the correct team
By
kkiser24
6m
32 Questions
55 Plays
55 Plays
55 Plays
Comments
Comments
Give Quiz Kudos
Give Quiz Kudos
-
- Ratings
hide this ad
Random Order
Randomize order of answers
Randomize order of answers
Replay
Link that replays current quiz
Next Quiz
Link to next quiz in quiz playlist
You Got
0%
They Got
Avg Score
35%
Avg Friend Score
Upgrade to see
Score Distribution
Jump to the score distribution portion of the page
Score
0/32
Timer
06:00
0
Plays Today
% Correct
97-127-0(.433)
72.7%
720-547-37(.568)
70.9%
741-555-42(.572)
61.8%
241-386-1(.385)
52.7%
166-169-1(.496)
52.7%
152-184-0(.452)
52.7%
173-146-1(.542)
50.9%
673-567-33(.543)
49.1%
590-530-20(.527)
47.3%
558-450-16(.553)
41.8%
535-634-32(.458)
40%
548-582-26(.485)
40%
578-565-27(.506)
40%
480-364-6(.569)
38.2%
315-313-0(.502)
36.4%
535-724-39(.425)
34.5%
% Correct
331-418-5(.442)
29.1%
508-455-13(.527)
29.1%
540-542-21(.499)
29.1%
462-381-9(.548)
27.3%
330-432-6(.433)
25.5%
494-433-7(.533)
25.5%
429-335-4(.561)
25.5%
338-399-3(.459)
23.6%
393-451-8(.466)
21.8%
449-379-10(.542)
21.8%
387-457-8(.459)
20%
444-397-11(.528)
20%
404-442-6(.478)
18.2%
456-386-10(.541)
18.2%
435-405-12(.518)
18.2%
421-420-11(.501)
16.4%
Quiz Playlist
Details
Report
Send in Message
Add To Playlist
Clickable:
Select answers by clicking on text or image buttons
Random Order:
Randomize order of answers
Quiz Source
Last Updated: Feb 16, 2017
Quiz Scoreboard
CHALLENGE
Sign Up to Join the Scoreboard
Show All
Scores
Hide
Comments
May contain spoilers
Recently Published
One Thing in Common: World Cities II
by knightlancer
Geography
7m
Popular People in 1961
by mucciniale
History
6m
1-10 Letter E Words III
by El_Dandy
Language
2m
More to Explore
Quiz From the Vault
Featured Blog Post
Where Did the Easter Bunny Come From?
hide this ad
You Might Also Like...
Tags
Football Quiz
NFL Quiz
Sports Teams Quiz
All Time
American Football
Football Team
Pro Sports
record
Regular Season
Team Record
US Sports
Winning Percentage
Today's Top Quizzes in Sports
Browse Sports
hide this ad
Today's Top Quizzes in NFL
Browse NFL
Top Contributed Quizzes in Sports
1
Les meilleurs buteurs des matchs entre le PSG et l’OM
2
Les entraîneurs de l'OM et du PSG au 21e siècle
3
2022 World Cup Stars
4
FIFA Club World Cup Champions
5
Name the Premier League winners with different clubs
6
La finale Lions - Afrique du Sud 2021
7
Criteria MLB: Left Handed Sluggers
8
Players with Multiple 50 Home Run Seasons
9
MLB Players with Two .350 Batting Average Seasons
10
MLB Hall of Famer by Rings
Explore More
Trending Topics
Disney
Kpop
NBA
Anime
Marvel
Crossword
Harry Potter
NFL
Puzzle
Soccer
The Office
Country
WWE
Pokémon
Song
hide this ad
More By:
kkiser24
Quiz
Plays
Rating
Category
Featured
Created
2015-2016 College Football Bowl Mania
329
4.00
Sports
Jan 6, 2016
NFL Pro Bowl Players by Team
1,370
4.75
Sports
Mar 4, 2016
NFL All-Time Career Franchise Leaders
1,262
4.83
Sports
Feb 4, 2016
NFL All-Time Super Bowl Leaders (Single Game)
959
4.86
Sports
Feb 17, 2016
Heisman Trophy winning schools
881
5.00
Sports
Feb 25, 2016
2006-2016 NFL Top 60 Fantasy Football Scoring Seasons
811
5.00
Sports
Jan 10, 2017
Go to Creator's Profile
Score Distribution
Quiz Creator Spotlight
kkiser24
Follow
Send a Message
Quizzes Created
-
Created Quiz Play Count
-
More By This Creator
Popular Quizzes Today
1
Find the US States - No Outlines Minefield
2
The Countries of the World
3
Find the Countries of Europe - No Outlines Minefield
4
Popular People in 1961
5
1-10 Letter E Words III
6
Find the US States
7
One Thing in Common: World Cities II
8
US States
More Sports Quizzes
England Starting XI's v Argentina
Quiz Lab
Trending Quizzes
Risky Map Clicking: Least Populous States A-Z
1-10 Letter F Words
1-10 Letter G Words
One Thing in Common: United Kingdom
Risky Map Clicking: Next State Alphabetically
Recently Updated
Leaping Animals
pecheneg
Reality TV Shows (A-Z)
bhenderson79
Rickey Henderson's Hall of Fame Teammates
pecheneg
Champions League XIs: Arsenal
pecheneg
Quick Pick: Celebrities in WWE's Hall of Fame
aduchscher
A-Z Keypad Blitz II
pecheneg
Multiple Oscar Actors
pecheneg
Mystery Phrase Blitz: Oscar 'Best Actors'
pecheneg
F. Scott Fitzgerald Novels
LTH
Pick 3 Villains
ddd62291
Trending Topics
Anime
Disney
Crossword
Kpop
Marvel
Harry Potter
NBA
The Office
Puzzle
Country
WWE
Song
Pokémon
NFL
Soccer
Your Account Isn't Verified!
In order to create a playlist on Sporcle, you need to verify the email address you used during registration. Go to your
Sporcle Settings
to finish the process.
Report this User
Report this user for behavior that violates our
Community Guidelines
.
Details:
Send Report
Go to the Sporcle.com Mobile Site →
Comments